| 000 | 00396nam a22001457a 4500 | ||
|---|---|---|---|
| 003 | SGT | ||
| 082 |
_a617.69 _bP23B |
||
| 100 | _aBhadouria, Vishal Singh | ||
| 245 | _aProsthetic complications in implant dentistry | ||
| 260 |
_aGurugram, Haryana _bSGT University _c2023 |
||
| 300 | _a89 | ||
| 650 | _aProsthodontics | ||
| 653 | _aProsthetic; implant dentistry; prosthodontics | ||
| 942 |
_2ddc _cTH |
||
| 999 |
_c25599 _d25599 |
||